Skill Pro: a course in communication skills and soft skills/ (Record no. 176266)

MARC details
000 -LEADER
fixed length control field 00830nam a22002177a 4500
005 - DATE AND TIME OF LATEST TRANSACTION
control field 20201208152516.0
010 ## - LCCN (DPL NO)
LC control number ENG-128637
020 ## - INTERNATIONAL STANDARD BOOK NUMBER
International Standard Book Number 978-93-84361-36-5
Terms of availability 135.00
035 ## - SYSTEM CONTROL NUMBER
System control number EN-112169
037 ## - SOURCE OF ACQUISITION
Source of stock number/acquisition DBAD/PUB
082 ## - DEWEY DECIMAL CLASSIFICATION NUMBER
Classification number 485
245 ## - TITLE STATEMENT
Title Skill Pro: a course in communication skills and soft skills/
Statement of responsibility, etc Kolakaluri Sumakiran, et. al.
260 ## - PUBLICATION, DISTRIBUTION, ETC. (IMPRINT)
Place of publication, distribution, etc Andhra Pradesh
Name of publisher, distributor, etc EMESCO Books, Maruthi Publications
Date of publication, distribution, etc 2019
270 ## - ADDRESS
City Andhra Pradesh
Postal code 522001
Address 9-4-95, Maruthi Manikanta Nilayam, 3rd Lane, Railpet, Gunter
Electronic mail address contact@maruthipublications.com
Telephone number 2224032
Fax number 91 863 2220566
300 ## - PHYSICAL DESCRIPTION
Extent 156+xxvip.
Dimensions 24cm(pbk)
Other physical details Including tables and illustrations.
Accompanying material CD
700 ## - ADDED ENTRY--PERSONAL NAME
Personal name Sumakiran, Kolakaluri
700 ## - ADDED ENTRY--PERSONAL NAME
Personal name Kumar, M. Suresh
700 ## - ADDED ENTRY--PERSONAL NAME
Personal name Babu, K. Vijaya
700 ## - ADDED ENTRY--PERSONAL NAME
Personal name Padmaja, K
942 ## - ADDED ENTRY ELEMENTS (KOHA)
Source of classification or shelving scheme Dewey Decimal Classification
Item type English Books
Classification part 485
Call number suffix SKI
Holdings
Withdrawn status Lost status Not for loan Collection code Home library Current library Date acquired Source of acquisition Cost, normal purchase price Full call number Barcode Copy number Cost, replacement price Koha item type
      Non-fiction Central Library Central Library 08/12/2020 DBAD/PUB 135.00 485 SKI EN-112169 1 135.00 English Books

© Delhi Public Library
Hit Counter
free hit counter